Law of torts (Record no. 169361)

MARC details
000 -LEADER
fixed length control field 00386nam a2200157Ia 4500
008 - FIXED-LENGTH DATA ELEMENTS--GENERAL INFORMATION
fixed length control field 230917s9999||||xx |||||||||||||| ||und||
040 ## - CATALOGING SOURCE
-- 200004
Original cataloging agency VIVEKANANDA LIBRARY
041 ## - Language
-- English
082 ## - DDC NUMBER
Classification number 346.03 R187L(26)
100 ## - MAIN ENTRY--PERSONAL NAME
Personal name Ratanlal
245 #0 - TITLE STATEMENT
Title Law of torts
250 ## - EDITION STATEMENT
Edition statement 26th ed.
260 ## - PUBLICATION, DISTRIBUTION, ETC. (IMPRINT)
Place of publication, distribution, etc Nagpur
Name of publisher, distributor, etc LexisNexis Butterworths Wadhwa
Date of publication, distribution, etc 2011
300 ## - PHYSICAL DESCRIPTION
Pages clxxix, 963 p.
942 ## - ADDED ENTRY ELEMENTS (KOHA)
Koha item type Books
Holdings
Withdrawn status Lost status Damaged status Not for loan Location (home branch) Sublocation or collection (holding branch) Date acquired Koha issues (times borrowed) Koha full call number Accession No. Koha date last seen Koha item type
        VIVEKANANDA LIBRARY VIVEKANANDA LIBRARY 25/06/2012   346.03 R187L(26) 316098 17/09/2023 Books
        VIVEKANANDA LIBRARY VIVEKANANDA LIBRARY 25/06/2012   346.03 R187L(26) 316099 17/09/2023 Books
        VIVEKANANDA LIBRARY VIVEKANANDA LIBRARY 25/06/2012 2 346.03 R187L(26) 316100 02/02/2024 Books
        VIVEKANANDA LIBRARY VIVEKANANDA LIBRARY 25/06/2012   346.03 R187L(26) 316101 17/09/2023 Books
        VIVEKANANDA LIBRARY VIVEKANANDA LIBRARY 25/06/2012   346.03 R187L(26) 316102 17/09/2023 Books
© Designed and Maintained by Vivekananda Library, MDU Rohtak